000 00289nam a22001337a 4500
008 170817b xxu||||| |||| 00| 0 eng d
020 _a9780534394202
041 _aeng
080 _27TH
_a51
100 _a36
101 _aMAT
245 _aFINITE MATHEMATICS
_cTAN,S.T
942 _2udc
_cBK
999 _c23877
_d23877